|
|
|
|
| LEADER |
00863cam a2200265 7i4500 |
| 001 |
0000036157 |
| 005 |
20190918090000.0 |
| 007 |
##ta |
| 008 |
190918s2012 my |
| 020 |
# |
# |
|a 9789833862191
|
| 040 |
# |
# |
|a MATR
|
| 090 |
0 |
0 |
|a B 641.300959521
|b REG (LRM)
|
| 100 |
1 |
# |
|a Ragis, Patricia
|e author
|
| 245 |
1 |
0 |
|a Food Haritage of Sabah :
|b A CULTURAL PERSPECTIVE
|c Patricia Regis & Judeth John Baptist.
|
| 264 |
# |
4 |
|a ♭.
|
| 264 |
# |
1 |
|a Kuala Lumpur:
|b Department of national Heritage,
|c 2012.
|
| 300 |
# |
# |
|a 184 pages:
|b illustrations;
|c 26 cm.
|
| 336 |
# |
# |
|a text
|2 rdacontent
|
| 337 |
# |
# |
|a unmediated
|2 rdamedia
|
| 338 |
# |
# |
|a volume
|2 rdacarrier
|
| 504 |
# |
# |
|a Includes bibliographical references and index
|
| 650 |
# |
0 |
|a Food --
|z Sabah
|
| 650 |
# |
0 |
|a Heritagr --
|z Sabah
|
| 700 |
1 |
# |
|a Baptist, Judeth John
|
| 999 |
|
|
|a 0000039670
|b Book
|c Malaysia
|e Business Information Centre
|